<?xml version="1.0" encoding="UTF-8"?>
<record
    xmlns:xsi="http://www.w3.org/2001/XMLSchema-instance"
    xsi:schemaLocation="http://www.loc.gov/MARC21/slim http://www.loc.gov/standards/marcxml/schema/MARC21slim.xsd"
    xmlns="http://www.loc.gov/MARC21/slim">

  <leader>02133nam a22002657a 4500</leader>
  <controlfield tag="005">20230620094135.0</controlfield>
  <controlfield tag="008">230620b           ||||| |||| 00| 0 eng d</controlfield>
  <datafield tag="020" ind1=" " ind2=" ">
    <subfield code="a">8178242508</subfield>
  </datafield>
  <datafield tag="040" ind1=" " ind2=" ">
    <subfield code="c">AL</subfield>
  </datafield>
  <datafield tag="041" ind1=" " ind2=" ">
    <subfield code="a">English</subfield>
  </datafield>
  <datafield tag="082" ind1=" " ind2=" ">
    <subfield code="2">23</subfield>
    <subfield code="a">954.035</subfield>
    <subfield code="b">BOSN</subfield>
  </datafield>
  <datafield tag="100" ind1=" " ind2=" ">
    <subfield code="a">Subhas Chandra Bose</subfield>
    <subfield code="9">124349</subfield>
  </datafield>
  <datafield tag="245" ind1=" " ind2=" ">
    <subfield code="a">Netaji Collected Works In Burmese Prisons: Correspondence  May1923-July 1926</subfield>
  </datafield>
  <datafield tag="260" ind1=" " ind2=" ">
    <subfield code="a">Kolkata</subfield>
    <subfield code="b">Netaji Research Bureau </subfield>
    <subfield code="c">2009</subfield>
  </datafield>
  <datafield tag="300" ind1=" " ind2=" ">
    <subfield code="a">xxi,360 p.</subfield>
    <subfield code="b">PB</subfield>
    <subfield code="c">21.5x14 cm.</subfield>
  </datafield>
  <datafield tag="440" ind1=" " ind2=" ">
    <subfield code="a">Netaji Collected Works Volume 3</subfield>
    <subfield code="9">124350</subfield>
  </datafield>
  <datafield tag="520" ind1=" " ind2=" ">
    <subfield code="a">Prison letters, despite being subjected to the scrutiny of government censors, often supply some of the deepest insights into the mind of a revolutionary. Subhas Chandra Bose&#x2019;s letters from Mandalay certainly underscore the truth of the poetic assertion: &#x201C;Stone walls do not a prison make, nor iron bars a cage.&#x201D; They make this volume one of the most moving in the 12-volume set of Netaji&#x2019;s Collected Works. Subhas Chandra Bose&#x2019;s exile in Burmese prisons from 1924 to 1927 witnessed the transformation of a lieutenant to a leader. During the non-cooperation movement and its aftermath he had wholeheartedly accepted Deshbandhu Chitta Ranjan Das as his political mentor. The apprenticeship was cut short by Deshbandhu&#x2019;s death in June 1925. When Subhas received this terrible news as a prisoner in Mandalay, he felt &#x201C;desolate with a sense of bereavement&#x201D;, as he wrote to his friend Dilip Kumar Roy. Netaji&#x2019;s letters cover a very wide array of topics-art, music, literature, nature, education, folk culture, civic affairs, criminology, spirituality and, of course, politics. He bore the rigours of prison life with a combination of stoicism and humour. This volume is indispennsable to an understanding of India&#x2019;s most major revolutionary leader and will interest all historians of modern India.</subfield>
  </datafield>
  <datafield tag="650" ind1=" " ind2=" ">
    <subfield code="a"> Netaji Collected Works</subfield>
    <subfield code="9">124351</subfield>
  </datafield>
  <datafield tag="650" ind1=" " ind2=" ">
    <subfield code="a">Political prisoners</subfield>
    <subfield code="9">124352</subfield>
  </datafield>
  <datafield tag="650" ind1=" " ind2=" ">
    <subfield code="a">Burma</subfield>
    <subfield code="9">124353</subfield>
  </datafield>
  <datafield tag="650" ind1=" " ind2=" ">
    <subfield code="a">India</subfield>
    <subfield code="9">124354</subfield>
  </datafield>
  <datafield tag="700" ind1=" " ind2=" ">
    <subfield code="a">BOSE (Subhas Chandra)</subfield>
    <subfield code="9">124355</subfield>
  </datafield>
  <datafield tag="700" ind1=" " ind2=" ">
    <subfield code="a"> BOSE (Sisir Kumar) Ed</subfield>
    <subfield code="9">124356</subfield>
  </datafield>
  <datafield tag="942" ind1=" " ind2=" ">
    <subfield code="2">ddc</subfield>
    <subfield code="c">DB</subfield>
  </datafield>
  <datafield tag="999" ind1=" " ind2=" ">
    <subfield code="c">227586</subfield>
    <subfield code="d">227586</subfield>
  </datafield>
  <datafield tag="952" ind1=" " ind2=" ">
    <subfield code="0">0</subfield>
    <subfield code="1">0</subfield>
    <subfield code="2">ddc</subfield>
    <subfield code="4">0</subfield>
    <subfield code="7">0</subfield>
    <subfield code="8">HIS</subfield>
    <subfield code="a">AL</subfield>
    <subfield code="b">AL</subfield>
    <subfield code="d">2023-06-16</subfield>
    <subfield code="l">0</subfield>
    <subfield code="o">954.035 BOSN</subfield>
    <subfield code="p">D05921</subfield>
    <subfield code="r">2023-06-20 00:00:00</subfield>
    <subfield code="v">350.00</subfield>
    <subfield code="w">2023-06-20</subfield>
    <subfield code="y">DB</subfield>
  </datafield>
</record>
